LEADER 00867nam0-22003131i-450- 001 990001122500403321 010 $a0-521-45869-2 035 $a000112250 035 $aFED01000112250 035 $a(Aleph)000112250FED01 035 $a000112250 100 $a20000920d1992----km-y0itay50------ba 101 0 $aeng 200 1 $aWavelets and Operators$fYves Meyer$gtranslated by D.H. Salinger 210 $aCambridge$cCambridge University Press$d1992 225 1 $aCambridge studies in advanced mathematics$v37 610 0 $aSuono 610 0 $aAcustica 676 $a534 700 1$aMeyer,$bYves$041129 702 1$aSalinger,$bDavid H. 801 0$aIT$bUNINA$gRICA$2UNIMARC 901 $aBK 912 $a990001122500403321 952 $a26-044.001$b19896$fFI1 959 $aFI1 996 $aWavelets and Operators$9337037 997 $aUNINA DB $aING01 LEADER 02258oam 2200481zu 450 001 9911019329503321 005 20210807001106.0 010 $a0-470-77908-X 010 $a0-470-02773-8 010 $a0-470-03436-X 024 7 $a10.1002/047003436X 035 $a(CKB)2580000000000352 035 $a(SSID)ssj0000507335 035 $a(PQKBManifestationID)11331346 035 $a(PQKBTitleCode)TC0000507335 035 $a(PQKBWorkID)10546442 035 $a(PQKB)10126592 035 $a(NjHacI)992580000000000352 035 $a(EXLCZ)992580000000000352 100 $a20160829d1994 uy 101 0 $aeng 135 $aur||||||||||| 181 $ctxt 182 $cc 183 $acr 200 14$aThe Chemistry of Organophosphorus Compounds, Phosphonium Salts, Ylides and Phosphoranes. Vol. 3, Phosphonium Salts, Ylides and Phosphoranes 210 31$a[Place of publication not identified]$cJohn Wiley & Sons Incorporated$d1994 215 $a1 online resource (442 pages) : illustrations 225 1 $aChemistry of functional groups 300 $aBibliographic Level Mode of Issuance: Monograph 311 $a0-471-93057-1 327 $aStructure and bonding in phosphonium ylides, salts and phosphoranes -- D.G. Gilheany -- Preparation, properties and reactions of phosphonium salts -- H.-J. Cristau and F. Ple?nat -- Preparation, properties and reactions of phosphoranes -- Ramon Burgada and Ralph Setton -- Structure, bonding and spectroscopic properties of phosphonium ylides -- S.M. Bachrach and C.I. Nitsche -- Electrochemistry of ylides, phosphoranes and phosphonium salts -- K.S.V. Santhanam -- Photochemistry of phosphonium salts, phosphoranes and ylides -- M. Dankowski -- Chemical analysis of organophosphorus compounds -- H. Feilchenfeld. 410 0$aChemistry of functional groups. 606 $aOrganophosphorus compounds 615 0$aOrganophosphorus compounds. 676 $a547.07 700 $aHartley$b Frank R$01838045 701 $aHartley$b F. R$01838046 801 0$bPQKB 906 $aBOOK 912 $a9911019329503321 996 $aThe Chemistry of Organophosphorus Compounds, Phosphonium Salts, Ylides and Phosphoranes. Vol. 3, Phosphonium Salts, Ylides and Phosphoranes$94420318 997 $aUNINA